El niño con el pijama de rayas / (Registro nro. 10864)

Detalles MARC
000 -LEADER
fixed length control field 00962cam a2200337 i 4500
001 - CONTROL NUMBER
control field 0000534
003 - CONTROL NUMBER IDENTIFIER
control field DO-SdBNP
005 - DATE AND TIME OF LATEST TRANSACTION
control field 20161122085422.0
007 - PHYSICAL DESCRIPTION FIXED FIELD--GENERAL INFORMATION
fixed length control field 0000534
008 - FIXED-LENGTH DATA ELEMENTS--GENERAL INFORMATION
fixed length control field 100514s 2007 sp | |||| 000 f spa
015 ## - NATIONAL BIBLIOGRAPHY NUMBER
National bibliography number
017 ## - COPYRIGHT OR LEGAL DEPOSIT NUMBER
Copyright or legal deposit number
Assigning agency
020 ## - INTERNATIONAL STANDARD BOOK NUMBER
International Standard Book Number 9788498380798
035 ## - SYSTEM CONTROL NUMBER
System control number
040 ## - CATALOGING SOURCE
Original cataloging agency BPMSU
Language of cataloging spa
Transcribing agency BPMSU
Description conventions
080 ## - UNIVERSAL DECIMAL CLASSIFICATION NUMBER
Universal Decimal Classification number
082 ## - DEWEY DECIMAL CLASSIFICATION NUMBER
Classification number Ir823.5
Item number B792m 2007
100 1# - MAIN ENTRY--PERSONAL NAME
Personal name Boyne, John,
Dates associated with a name 1971-
240 14 - UNIFORM TITLE
Uniform title <a href="The boy in the striped pyjamas">The boy in the striped pyjamas</a>
Language of a work Español
245 13 - TITLE STATEMENT
Title El niño con el pijama de rayas /
Medium
Statement of responsibility, etc. John Boyne ; traducción Gemma RoviraOrtega
250 ## - EDITION STATEMENT
Edition statement 2a. ed.
260 ## - PUBLICATION, DISTRIBUTION, ETC. (IMPRINT)
Place of publication, distribution, etc. Barcelona :
Name of publisher, distributor, etc. Salamandra,
Date of publication, distribution, etc. 2007.
300 ## - PHYSICAL DESCRIPTION
Extent 219 p.:
Dimensions 22 cm
500 ## - GENERAL NOTE
General note Incluye datos biográficos del autor.
586 ## - AWARDS NOTE
Awards note Premio Doncel de biografía 1962
650 #4 - SUBJECT ADDED ENTRY--TOPICAL TERM
Topical term or geographic name as entry element NOVELA JUVENIL IRLANDESA
650 #4 - SUBJECT ADDED ENTRY--TOPICAL TERM
Topical term or geographic name as entry element LITERATURA JUVENIL IRLANDESA
700 12 - ADDED ENTRY--PERSONAL NAME
Personal name Rovira Ortega, Gemma,
Relator term tr.
942 ## - ADDED ENTRY ELEMENTS (KOHA)
Source of classification or shelving scheme Dewey Decimal Classification
Koha item type Libros
956 ## - LOCAL ELECTRONIC LOCATION AND ACCESS (OCLC)
Host name YLOCKWARD
Field link and sequence number 10
Compression information BPMSU
Existencias
Withdrawn status Lost status Source of classification or shelving scheme Damaged status Not for loan Collection code Home library Current library Date acquired Source of acquisition Total Checkouts Full call number Barcode Date last seen Price effective from Koha item type
    Dewey Decimal Classification     Colección Juvenil General Biblioteca Pública Metropolitana Salomé Ureña Biblioteca Pública Metropolitana Salomé Ureña 07/13/2016 Donativo-FUNDI   Ir823.5 B792m 2007 BPMSU16070448 07/13/2016 07/13/2016 Libros